COLREGS guess the rule number - Statistics

General Stats
  • This quiz has been taken 22 times
  • The average score is 29 of 41
Answer Stats
Hint Answer % Correct
Responsibility 2
100%
Part A: Definitions 3
100%
Part B)i): Application 4
100%
Look-out 5
100%
Safe speed 6
100%
Part A: Application 1
93%
Risk of Collision 7
93%
Action to avoid collision 8
87%
Traffic separation schemes 10
80%
Manoeuvring and warning signals 34
80%
Overtaking 13
73%
Part C: Definitions 21
73%
Power-driven vessels underway 23
73%
Exemptions 38
73%
Part B)ii): Application 11
67%
Sailing vessels 12
67%
Head-on situation 14
67%
Crossing situation 15
67%
Action by stand-on vessel 17
67%
Conduct of vessels in restricted visibility 19
67%
Part C: Application 20
67%
Visibility of lights 22
67%
Towing and pushing 24
67%
Fishing vessels 26
67%
Vessels not under command or restricted in their ability to manoeuvre 27
67%
Vessels constrained by their draught 28
67%
Part D: Definitions 32
67%
Narrow channels 9
67%
Action by give-way vessel 16
60%
Responsibilities between vessels 18
60%
Sailing vessels underway and vessels under oars 25
60%
Pilot vessels 29
60%
Anchored vessels 30
60%
Seaplanes and WIG craft 31
60%
Equipment for sound signals 33
60%
Sound signals in restricted visibility 35
60%
Distress signals 37
60%
Signal to attract attention 36
53%
Part F: Definitions 39
53%
Part F: Application 40
53%
Verification of compliance 41
53%
No matching quizzes found
Score Distribution
Percent of People with Each Score
Percentile by Number Answered
Your Score History
You have not taken this quiz